| 000 | 00000nam##2200000za#4500 |
| 001 | 9.626264 |
| 003 | CaOODSP |
| 005 | 20240212134143 |
| 007 | ta |
| 008 | 150406|2003||||xxc||||| f|0| 0 fre|d |
| 020 | |a0-662-89324-7 |
| 022 | |a1713-0646 |
| 040 | |aCaOODSP|bfre |
| 043 | |an-cn--- |
| 086 | 1 |aNE22-1/2003-4F |
| 110 | 1 |aCanada. |bOffice national de l'énergie. |
| 245 | 10|aTransCanada PipeLines Limited : |bdemande visant les droits et le tarif de 2003 |
| 260 | |aCalgary - Alberta : |bOffice national de l'énergie |c2003. |
| 300 | |axiv, 120p. : |bcartes, tableaux ; |c28 cm. |
| 490 | 1 |aMotifs de décision|x1713-0646|vRH-1-2002 |
| 520 | 3 |aL’Office national de l’énergie publie des motifs de décision lorsqu’il s’attend à ce que l’incidence de ses décisions dépasse le cadre de la cause entendue. L’Office est un tribunal indépendant chargé de réglementer les industries du pétrole, du gaz et de l’électricité. Ses décisions ont une incidence sur l’industrie, les consommateurs d’énergie et quiconque est propriétaire d’un terrain ou vit à proximité des droits de passage de pipelines ou de lignes d’électricité internationales. Ses décisions visent à protéger l’intérêt public en ce qui a trait à la sécurité, à la protection de l’environnement et à l’efficience économique. |
| 563 | |aCouverture souple |
| 590 | |a03-36|b2003-09-05 |
| 691 | 07|aDécision|2gcpds |
| 691 | 07|aPipeline|2gcpds |
| 775 | 08|tTransCanada PipeLines Limited : |w(CaOODSP)9.616438 |
| 776 | 0#|tMotifs de décision relativement à TransCanada PipeLines Limited : |w(CaOODSP)9.602997 |
| 830 | #0|aMotifs de décision (Canada. Office national de l'énergie)|x1713-0646|vRH-1-2002|w(CaOODSP)9.513162 |